000 00651nam a2200205 a 4500
005 20140412111353.0
008 050425s19uu xx 00 eng d
020 _a0-02-660861-8
050 _aTR(GS 372.4
_bG875 2000
100 _aGriffith, Patricia
245 _aWhir and stir :
_bdecodable book /
_cby Patrica Griffith ; illustrated by Len Epstein.
260 _aColumbus, Ohio :
_bSRA/McGraw-Hill,
_c2000.
300 _a8 p. ; ill.
440 _aSRA Open Court Reading
500 _aLevel B, Set 1, Book 33
650 _aReading
_xPhonetics
_xJuvenile literature
650 _aBread
_xFiction
650 _aChildren stories
999 _c105353
_d105353